000 00933nam a2200277 i 4500
001 16310
003 ES-MaACL
005 20240420063012.0
007 t|
008 000828s1995 sp ||||1| spa d
020 _a84-8191-071-6
080 _a929 Bargaín, José
080 _a929 Falla, Manuel de
100 1 _aBergamín, José,
_d1895-1983
_927925
245 1 3 _aEl epistolario :
_bJosé Bergamín, Manuel de Falla (1924-1935) /
_cedición al cuidado de Nigel Dennis.
260 _aValencia :
_bPre-Textos,
_c[1995]
300 _a178 p. :
_bil. ;
_c20 cm.
490 1 _aPre-textos ;
_v246
600 1 4 _aFalla, Manuel de,
_d1876-1946-
_vCorrespondencia
_948757
600 1 4 _aBergamín, José-
_vCorrespondencia.
_927926
700 1 _aFalla, Manuel de,
_d1876-1946
_948756
700 1 _aDennis, Nigel.
_943725
830 1 _aPre-textos ;
_v246
_9178641
852 4 _aES-MaACL
_jL-23560
999 _c16310
_d16310